[Event "FRA-ch"]
[Site "Montpellier"]
[Date "1991.??.??"]
[Round "?"]
[White "Apicella, Manuel"]
[Black "Hauchard, Arnaud"]
[Result "0-1"]
[WhiteElo "2455"]
[BlackElo "2435"]
[Annotator "Blatny,P"]
[PlyCount "72"]
[EventDate "1991.08.??"]
[EventType "tourn"]
[EventRounds "15"]
[EventCountry "FRA"]
[EventCategory "8"]
[SourceTitle "CBM 027"]
[Source "ChessBase"]
[SourceDate "1992.04.01"]
[SourceVersion "1"]
[SourceVersionDate "1992.04.01"]
[SourceQuality "1"]

1. e4 Nf6 2. e5 Nd5 3. d4 d6 4. Nf3 g6 5. c4 $6 (5. Bc4) 5... Nb6 6. exd6 cxd6
{<->c,/^d4-g7} 7. Be2 Bg7 8. O-O Bg4 {/^d1-h5,קc4} 9. Be3 Nc6 10. Nbd2 {
קc4,Pd4} O-O 11. Rc1 e5 $1 {><d4} 12. d5 (12. dxe5 dxe5 $36) 12... Ne7 13. h3
(13. Ne1 Bxe2 14. Qxe2 f5 $15 {[+]}) 13... Bxf3 14. Nxf3 h6 (14... f5 $6 15.
Ng5 {><e6}) 15. Qb3 Nf5 (15... f5 16. c5 Nbxd5 17. Bc4 dxc5 18. Bxc5 $40) 16.
Rfd1 (16. Bxb6 axb6 $15 {<->a,><c5}) 16... Nd7 17. Qc2 {/\b4 -><<} (17. Qxb7
Rb8 18. Qxa7 Rxb2 19. Bd3 Nxe3 20. Qxe3 (20. fxe3 Nc5 $36) 20... Rxa2 $15)
17... a5 18. Kh1 (18. b3 $142 {/\a3,b4}) 18... Nxe3 19. fxe3 f5 {->>>} 20. e4
h5 (20... Nc5 $5 {קe4}) 21. Rf1 Bh6 22. Rcd1 Qf6 (22... Nc5) 23. Nh2 Bf4 $17
24. exf5 (24. Rf3 {/\Nf1}) 24... gxf5 25. Bd3 (25. Rf3 {<->4,Nf1}) 25... h4 26.
Qe2 Qg5 27. Rxf4 (27. Nf3 Qg3 28. Qf2 e4 $19) 27... Qxf4 28. Qh5 Kg7 29. Rf1
Qh6 $19 30. Rxf5 Qxh5 31. Rxh5 Nc5 32. Bb1 (32. Rh7+ Kf6 33. Ng4+ Kg5 {
/\Kf4-g3 -+_|_}) 32... Rf4 33. Kg1 (33. b3 Rd4 34. Bc2 Rd2 35. Bf5 Rd1+ $19)
33... Rxc4 34. Bf5 Rb4 35. Rg5+ Kf6 36. Nf3 e4 0-1

[Event "Hoogovens"]
[Site "Wijk aan Zee"]
[Date "1977.01.24"]
[Round "9"]
[White "Kavalek, Lubomir"]
[Black "Bohm, Hans"]
[Result "1-0"]
[WhiteElo "2545"]
[BlackElo "2445"]
[Annotator "Bulletin"]
[PlyCount "59"]
[EventDate "1977.01.14"]
[EventType "tourn"]
[EventRounds "11"]
[EventCountry "NED"]
[EventCategory "11"]
[SourceTitle "MCL"]
[Source "ChessBase"]
[SourceDate "1999.07.01"]
[SourceVersion "1"]
[SourceVersionDate "1999.07.01"]
[SourceQuality "1"]

1. e4 Nf6 2. e5 Nd5 3. d4 d6 4. Nf3 g6 5. Bc4 c6 6. h3 Bg7 7. exd6 Qxd6 8. O-O
O-O 9. Nbd2 Bf5 10. Re1 Nd7 11. Bb3 h6 $6 (11... Rfe8) 12. Nh4 $1 Bxd4 13. Ne4
$1 Bxe4 14. Qxd4 (14. Rxe4 $2 Bg7) 14... N5f6 15. Rxe4 Nxe4 16. Qxe4 Nc5 $1 17.
Qe2 Nxb3 18. axb3 h5 19. Bg5 e5 $2 (19... Rad8 $5 20. Bxe7 Rfe8 21. Bxd6 Rxe2
22. Bb4 Rxc2 23. Bc3) 20. Rd1 Qe6 21. f4 $1 f6 22. Bh6 Rf7 23. f5 gxf5 24. Qxh5
Rh7 25. Qg6+ Kh8 26. Bg5 $1 Rf8 27. Nxf5 Qf7 28. Bxf6+ Qxf6 29. Qxf6+ Rxf6 30.
Rd8+ 1-0

[Event "Budapest zt-A"]
[Site "Budapest"]
[Date "1993.??.??"]
[Round "3"]
[White "Sax, Gyula"]
[Black "Cosma, Ioan"]
[Result "1-0"]
[WhiteElo "2570"]
[BlackElo "2365"]
[Annotator "Bulletin"]
[PlyCount "65"]
[EventDate "1993.03.??"]
[EventType "tourn"]
[EventRounds "11"]
[EventCountry "HUN"]
[EventCategory "11"]
[SourceTitle "CBM 034"]
[Source "ChessBase"]
[SourceDate "1993.06.01"]
[SourceVersion "1"]
[SourceVersionDate "1993.06.01"]
[SourceQuality "1"]

1. e4 {Blatny,P} Nf6 2. e5 Nd5 3. d4 d6 4. Nf3 Nb6 5. a4 a5 (5... c6 {Blatny,P}
6. a5 Nd5 7. Be2 g6 8. O-O Bg7 9. c4 Nc7 10. exd6 Qxd6 11. Nc3 $14 {
Sigurjonsson-Larsen, Portoroz 1977}) (5... Bg4 {Blatny,P} 6. a5 N6d7 7. exd6
cxd6 8. h3 Bh5 9. Be2 e6 10. c3 Be7 11. O-O O-O 12. Re1 a6 13. d5 $5 Bxf3 14.
Bxf3 e5 $8 15. Nd2 $14 {Matanovic-Ljubojevic, Yugoslavia 1975}) 6. Bb5+ (6. Nc3
g6 7. exd6 cxd6 8. Bb5+ Bd7 9. h4 $14 {Cseshkovsky,V-Cosma,I Moscow 1991}) 6...
c6 7. Bd3 (7. Be2 {Blatny,P} dxe5 8. Nxe5 N8d7 9. Nf3 g6 10. Bf4 Bg7 11. O-O
O-O 12. c3 Nf6 $10 {Jell-Grzesik, BL 86/87}) 7... dxe5 (7... Bg4 8. h3 (8. exd6
exd6 9. O-O Be7 10. Re1 O-O 11. Nbd2 N8d7 12. Nf1 Re8 13. Ng3 $14) 8... Bxf3 9.
Qxf3 dxe5 10. dxe5 e6 11. Qg3 N8d7 12. Nc3 Qc7 13. f4 O-O-O $10) (7... g6 {
Blatny,P} 8. exd6 (8. O-O Bg7 9. exd6 exd6 10. Bg5 Bf6 11. Bh6 $40 {Diel-Grant,
cr 1987}) 8... Qxd6 9. Nbd2 Bg7 10. O-O O-O (10... Bxd4 $6 11. Ne4 Qd8 12. Nxd4
Qxd4 13. Be3 Qd8 $8 14. Bh6 $40) 11. Ne4 Qc7 12. c3 N8d7 13. Bg5 Re8 14. Re1
$14 {Almasi-Kahn, Budapest Spring op 1992}) 8. Nxe5 g6 9. c3 Bg7 10. Qe2 Be6 (
10... O-O 11. Nd2 $14 {/\Ndf3}) 11. O-O N8d7 12. Nf3 Bg4 13. Bg5 Bxf3 (13...
Nd5 $5 {Blatny,P}) 14. Qxf3 Nf6 15. Re1 O-O 16. Nd2 Re8 17. Re2 (17. Nc4 Nxc4
18. Bxc4 $14) 17... Qd7 (17... Qd5 18. Qg3 $2 (18. Qxd5 Nbxd5 $14) 18... Nh5
19. Qg4 e5 20. Rae1 h6 21. Be3 $15) (17... Qd5 $142 {Blatny,P}) 18. Bc2 Qd5 19.
Qf4 Nh5 20. Qg4 Bf6 $6 (20... e5 $1 21. Bb3 Qd7 22. Qxd7 Nxd7 23. Rae1 $10) 21.
Be3 Qd8 22. Ne4 Nd5 23. Bb3 Bg7 24. Qf3 Nhf6 25. Nc5 b6 (25... Qc8 $5 {Blatny,P
} 26. Rae1 $140 b6 27. Nd3 Qg4 $14 {_|_}) 26. Nd3 Nxe3 27. fxe3 $1 c5 {[#]} 28.
Ne5 e6 (28... Rf8 {Blatny,P} 29. Rf1 {/\Ref2,g4-g5 ->><f7}) 29. Rf1 Rf8 30.
Ref2 Qe8 (30... Qc7 31. Qh3 Qe7 32. Qh4 $16) 31. Qh3 Ne4 (31... Qe7 32. Qh4 $16
(32. Qh4 {Blatny,P} Nd5 33. Qxe7 Nxe7 34. Nxf7 $18)) 32. Rxf7 Rxf7 33. Nxf7 (
33. Nxf7 Nd2 34. Bxe6 Nxf1 35. Nd6+ $18) 1-0

[Event "EU-chT (Men) 10th"]
[Site "Debrecen"]
[Date "1992.11.??"]
[Round "2.3"]
[White "Adams, Michael"]
[Black "Horvath, Jozsef"]
[Result "1-0"]
[WhiteElo "2620"]
[BlackElo "2480"]
[Annotator "Bulletin"]
[PlyCount "125"]
[EventDate "1992.11.20"]
[EventType "team-swiss"]
[EventRounds "9"]
[EventCountry "HUN"]
[SourceTitle "EU-chT"]
[Source "ChessBase"]
[SourceDate "1999.07.01"]
[SourceVersion "2"]
[SourceVersionDate "1999.07.01"]
[SourceQuality "1"]
[WhiteTeam "England"]
[BlackTeam "Hungary II"]
[WhiteTeamCountry "ENG"]
[BlackTeamCountry "HUN"]

1. e4 Nf6 2. e5 Nd5 3. d4 d6 4. Nf3 dxe5 5. Nxe5 g6 6. Bc4 c6 7. O-O Bg7 8. Nd2
(8. Re1) 8... O-O 9. Ndf3 Nd7 10. Nd3 (10. h3 Nxe5 11. dxe5 Nb6 12. Bd3 Bf5)
10... a5 11. a4 (11. a3) 11... N7b6 (11... N7f6) 12. Bb3 Bg4 (12... Bf5 13. Re1
Bxd3 14. Qxd3 e6 15. Bg5 Qc7 16. Qe4 Nc8 17. c4 Nd6 18. Qe2 Nb4 19. Rad1 Rfe8
20. Qd2 Nf5 21. g4 Ne7 22. Bf4 Qd8 $10 {Arnason,J-Kengis,E}) 13. c3 Nd7 14. h3
Bxf3 15. Qxf3 e6 16. Re1 Re8 17. Bd2 Qb6 18. Bc4 Qc7 19. Rad1 (19. Re2 $5 {
/\ Rae1}) 19... Qd6 20. Bg5 Bf6 21. Bc1 Bg7 22. Qe4 Qf8 23. Qh4 Rac8 (23... Bf6
24. Qg3 Bg7 25. Bxd5 cxd5 26. Qc7) 24. Bb3 Bf6 25. Qg3 Bg7 26. h4 Bh6 (26... h5
$14) 27. Bg5 Bxg5 28. hxg5 h6 (28... Ne7 29. Rxe6 $1) 29. gxh6 Qxh6 30. Re4 Qg7
31. Rde1 N5f6 32. Rh4 c5 33. Ne5 cxd4 34. Rxd4 Nc5 (34... Nxe5 $142 35. Qxe5 b6
36. Qd6 Rb8 37. Bc4 $14) 35. Bc4 Red8 (35... Nxa4 36. Bb5 $16) (35... Rcd8 36.
Bb5 Rf8 37. Nc4 $16) 36. b3 Rxd4 37. cxd4 Nce4 (37... Ncd7 38. Nxd7 Nxd7 39.
Qd6 Nf6 (39... Nf8 40. Qb6) 40. Bxe6 Rc6 $2 41. Qb8+ Qf8 42. Bxf7+ $18) 38. Qd3
Nd6 (38... Ng5 39. f4 Ngh7 40. Nxg6 Rxc4 41. Ne7+ Kf8 42. Qxc4 Kxe7 43. Qc5+
Ke8 44. Rc1 $40) 39. Nxg6 Qxg6 40. Qxg6+ fxg6 41. Bxe6+ Kf8 (41... Kg7 42. Bxc8
Nxc8 43. Rc1 Nd6 44. Rc5 b6 45. Rc6 $18) 42. Bxc8 Nxc8 43. Re5 b6 44. Re6 Nd5
45. Rxg6 Ke7 46. g3 Nd6 47. Rg5 Nb4 48. Re5+ Kd7 (48... Kf6 49. g4 Nc2 50. f4
Nxd4 51. Rd5 Ne2+ 52. Kf2 Ne4+ 53. Ke3) 49. g4 Nc6 50. Re3 Nxd4 51. Kg2 Nc2 52.
Rc3 Nd4 53. f4 Ne2 54. Rf3 Kc6 55. Kf2 Nd4 56. Rc3+ Kd5 57. Ke3 Ne6 58. f5 Nc5
59. Kf4 Nde4 60. Rf3 Nd2 61. Re3 Ndxb3 62. g5 Nd4 63. g6 1-0

[Event "SUI-chT"]
[Site "Switzerland"]
[Date "1996.??.??"]
[Round "7"]
[White "Godena, Michele"]
[Black "Begovac, Franja"]
[Result "1-0"]
[WhiteElo "2550"]
[BlackElo "2430"]
[Annotator "Bulletin"]
[PlyCount "147"]
[EventDate "1996.??.??"]
[EventType "team-tourn"]
[EventRounds "9"]
[EventCountry "SUI"]
[SourceTitle "CBM 055 Extra"]
[Source "ChessBase"]
[SourceDate "1997.01.01"]
[SourceVersion "1"]
[SourceVersionDate "1997.01.01"]
[SourceQuality "1"]

1. e4 Nf6 2. e5 Nd5 3. d4 d6 4. Nf3 g6 5. Bc4 Nb6 6. Bb3 Bg7 7. Qe2 O-O 8. h3
Nc6 9. O-O Na5 10. Nc3 d5 11. Bf4 Nbc4 12. Bxc4 Nxc4 13. b3 Na5 14. Qd2 Nc6 15.
Bh6 Bf5 16. Bxg7 Kxg7 17. Nh4 Qd7 18. Rae1 Rad8 19. Re3 f6 20. exf6+ Rxf6 21.
Nf3 Rdf8 22. Ne5 Nxe5 23. Rxe5 c6 24. Rfe1 R8f7 25. R1e2 Qd6 26. Qe3 Kf8 27.
Nb1 Bd7 28. Nd2 Rf5 29. Rxf5 Rxf5 30. Nf3 Qf6 31. Ne5 Bc8 32. c3 Rf4 33. f3 Rh4
34. Kh2 Qf4+ 35. Qxf4+ Rxf4 36. Kg3 g5 37. Nd3 Rf6 38. Re5 h6 39. h4 gxh4+ 40.
Kxh4 Bf5 41. Nf2 Kf7 42. Re2 Bd7 43. Nd3 Kf8 44. Ne5 Be8 45. g4 a5 46. a4 b6
47. b4 axb4 48. cxb4 c5 49. bxc5 bxc5 50. dxc5 Ra6 51. Ra2 Kg7 52. a5 d4 53.
Kg3 Kf6 54. Kf4 Ke6 55. Ke4 d3 56. Rh2 $6 (56. Nxd3 $142) 56... h5 57. gxh5
Rxa5 58. Nxd3 Ra4+ 59. Ke3 Ra3 60. Kd4 Ra4+ 61. Kc3 Ra3+ 62. Kc4 Kf6 63. h6
Bf7+ 64. Kb4 Ra8 65. c6 Bg6 66. Nf4 Bh7 67. Nd5+ Ke5 68. Nb6 Ra6 69. Nc4+ Kf6
70. Kb5 Ra8 71. c7 Bf5 72. h7 Rh8 73. Nb6 Kg7 74. Kc6 1-0

[Event "Hoogovens"]
[Site "Wijk aan Zee"]
[Date "1977.01.14"]
[Round "1"]
[White "Barczay, Laszlo"]
[Black "Bohm, Hans"]
[Result "0-1"]
[WhiteElo "2470"]
[BlackElo "2445"]
[Annotator "Bulletin"]
[PlyCount "90"]
[EventDate "1977.01.14"]
[EventType "tourn"]
[EventRounds "11"]
[EventCountry "NED"]
[EventCategory "11"]
[SourceTitle "MCL"]
[Source "ChessBase"]
[SourceDate "1999.07.01"]
[SourceVersion "1"]
[SourceVersionDate "1999.07.01"]
[SourceQuality "1"]

1. e4 Nf6 2. e5 Nd5 3. d4 d6 4. Nf3 g6 5. Ng5 $6 c6 6. h4 $5 dxe5 7. dxe5 Qc7
8. Qe2 h6 9. Nh3 Bg7 10. f4 Be6 11. Na3 (11. Bd2) 11... Nd7 12. Bd2 (12. h5 $5)
12... O-O-O 13. O-O-O N5b6 14. g3 Rhe8 15. Bg2 f6 16. Rhe1 (16. h5) 16... h5
17. exf6 $5 exf6 18. f5 Bf7 19. Qf2 gxf5 20. Rxe8 (20. Qxf5 Qxg3) 20... Rxe8
21. Nf4 Bf8 22. Bc3 Bc5 23. Bd4 Bxa3 24. bxa3 Nc4 25. Bc3 (25. Bxa7 Qa5) 25...
Re3 26. Rd3 Rxd3 27. cxd3 Nxa3 28. Bh3 Nb5 29. Bb2 Kb8 30. Bxf5 Ne5 31. Qc5 Qd6
32. Ba3 Kc7 33. Qxd6+ Nxd6 34. Be6 Nxd3+ 35. Kd2 Nxf4 36. Bxd6+ Kxd6 37. Bxf7
Ke7 $1 38. Bb3 Ne6 39. Bd1 Ng7 40. Ke3 f5 41. Bf3 Ke6 42. a4 a5 43. Kd4 Kd6 44.
Kc4 Ke5 45. Kc5 b5 0-1

[Event "POL-ch 52nd"]
[Site "Warsaw"]
[Date "1995.??.??"]
[Round "14"]
[White "Macieja, Bartlomiej"]
[Black "Oliwa, Marek"]
[Result "1-0"]
[WhiteElo "2440"]
[BlackElo "2405"]
[Annotator "Bulletin"]
[PlyCount "98"]
[EventDate "1995.02.11"]
[EventType "tourn"]
[EventRounds "17"]
[EventCountry "POL"]
[EventCategory "8"]
[SourceTitle "EXT 1999"]
[Source "ChessBase"]
[SourceDate "1998.11.16"]
[SourceVersion "1"]
[SourceVersionDate "1998.11.16"]
[SourceQuality "1"]

1. e4 Nf6 2. e5 Nd5 3. d4 d6 4. Nf3 g6 5. Bc4 Nb6 6. Bb3 Bg7 7. Ng5 d5 8. f4 f6
9. Nf3 Nc6 10. c3 Bg4 11. Nbd2 Qd7 12. h3 Bxf3 13. Nxf3 O-O-O 14. a4 a5 15. Bc2
Bh6 16. O-O Rdf8 17. Qe2 fxe5 18. fxe5 Bxc1 19. Raxc1 Nd8 20. Ng5 e6 21. b3 h6
22. Nf3 g5 23. Nh2 Qg7 24. Qh5 Nd7 25. Ng4 c5 26. Bd3 Kb8 27. Bb5 cxd4 28. cxd4
Rf5 29. Rxf5 exf5 30. Ne3 f4 31. Nxd5 Ne6 32. Qg4 Nxd4 33. Qxd7 Ne2+ 34. Kf1
Ng3+ (34... Qxd7 35. Bxd7 Nxc1 36. e6 $18) 35. Kf2 Qxe5 36. Qc7+ Qxc7 37. Rxc7
Rd8 38. Rd7 Rc8 39. Bd3 Rc1 40. Rd8+ Ka7 41. Kf3 Rd1 42. Nc3 Re1 43. Kf2 Re3
44. Ne2 Nxe2 45. Bxe2 Rxb3 46. Rd5 b6 47. Rd7+ Kb8 48. Rd6 Kc7 49. Rxh6 Rb4 1-0

[Event "Bunratty Masters op 20th"]
[Site "Bunratty"]
[Date "2013.03.03"]
[Round "6"]
[White "Short, Nigel D"]
[Black "Baburin, Alexander"]
[Result "1-0"]
[WhiteElo "2697"]
[BlackElo "2534"]
[Annotator "CB"]
[PlyCount "123"]
[EventDate "2013.03.01"]
[EventType "swiss"]
[EventRounds "6"]
[EventCountry "IRL"]
[SourceTitle "CBM 153 Extra"]
[Source "ChessBase"]
[SourceDate "2013.04.22"]
[SourceVersion "1"]
[SourceVersionDate "2013.04.22"]
[SourceQuality "1"]

1. e4 Nf6 {"Die Aljechin-Verteidigung ist eigentlich eher eine Krankheit als
eine Eröffnung, von der man nicht mehr recht loskommt, wenn man einmal
infiziert ist". (Baburin)} 2. e5 Nd5 3. d4 d6 4. Nf3 dxe5 ({Ein Klassiker der
Aljechin-Verteidigung ist} 4... g6 5. Bc4 Nb6 6. Bb3 Bg7 7. Nbd2 O-O 8. h3 a5
9. a4 dxe5 10. dxe5 Na6 11. O-O Nc5 12. Qe2 Qe8 13. Ne4 Nbxa4 14. Bxa4 Nxa4 15.
Re1 Nb6 16. Bd2 a4 17. Bg5 h6 18. Bh4 Bf5 19. g4 Be6 20. Nd4 Bc4 21. Qd2 Qd7
22. Rad1 Rfe8 23. f4 Bd5 24. Nc5 Qc8 25. Qc3 e6 26. Kh2 Nd7 27. Nd3 c5 28. Nb5
Qc6 29. Nd6 Qxd6 30. exd6 Bxc3 31. bxc3 f6 32. g5 hxg5 33. fxg5 f5 34. Bg3 Kf7
35. Ne5+ Nxe5 36. Bxe5 b5 37. Rf1 Rh8 38. Bf6 a3 39. Rf4 a2 40. c4 Bxc4 41. d7
Bd5 42. Kg3 Ra3+ 43. c3 Rha8 44. Rh4 e5 45. Rh7+ Ke6 46. Re7+ Kd6 47. Rxe5
Rxc3+ 48. Kf2 Rc2+ 49. Ke1 Kxd7 50. Rexd5+ Kc6 51. Rd6+ Kb7 52. Rd7+ Ka6 53.
R7d2 Rxd2 54. Kxd2 b4 55. h4 Kb5 56. h5 c4 57. Ra1 gxh5 58. g6 h4 59. g7 h3 60.
Be7 Rg8 61. Bf8 h2 62. Kc2 Kc6 63. Rd1 b3+ 64. Kc3 h1=Q 65. Rxh1 Kd5 66. Kb2 f4
67. Rd1+ Ke4 68. Rc1 Kd3 69. Rd1+ Ke2 70. Rc1 f3 71. Bc5 Rxg7 72. Rxc4 Rd7 73.
Re4+ Kf1 74. Bd4 f2 {0-1 (74) Spassky,B (2660)-Fischer,R (2785) Reykjavik 1972
MainBase [ChessBase]}) 5. Nxe5 {Die Idee des Tausches auf e5 besteht darin,
dass der Springer sich dort nicht halten kann.} c6 ({Eine Verbesserung
gegenüber} 5... Nd7 6. Nxf7) 6. Bd3 (6. c4 Nc7 7. Nc3 Nd7 8. Nxd7 Bxd7 9. Be3
Bf5 10. g4 Bc8 11. Be2 e6 12. Qc2 b5 13. Bf3 bxc4 14. Bxc6+ Bd7 15. Qa4 Rc8 16.
Qxc4 Nd5 17. Bxd7+ Qxd7 18. Qd3 Bb4 19. Bd2 O-O 20. O-O Bxc3 21. bxc3 Qa4 22.
f4 f5 23. gxf5 exf5 24. Rf3 Qc4 25. a4 Qxd3 26. Rxd3 Rc4 27. a5 Rb8 28. Re1 Nf6
29. d5 Ne4 30. Be3 Rb7 31. a6 Rd7 32. Rb1 Nd6 33. Rb4 Rc8 34. Bd4 Kf7 35. Rd1
Ke8 36. Re1+ Kd8 37. Re6 Ne8 38. c4 Nd6 39. Bxa7 Nxc4 40. Rxc4 Rxa7 41. Rxc8+
Kxc8 42. Kf2 Kd7 43. Ke3 Ra8 44. Kd4 Rb8 45. Kc5 Rb2 46. a7 Ra2 47. Kb6 {
1-0 (47) Short,N (2676)-Miles,A (2562) Ohrid 2001}) 6... g6 ({2007 und 2008
gehörte die Aljechin-Verteidigung zum Repertoire von magnus Carlsen.} 6... Nd7
7. Nxd7 Bxd7 8. O-O g6 9. Nd2 Bg7 10. Nf3 O-O 11. Re1 Bg4 12. c3 c5 13. Be4
cxd4 14. cxd4 e6 15. Qb3 Bxf3 16. Bxf3 Bxd4 17. Bxd5 Qxd5 18. Qxd5 exd5 19. Rd1
Bg7 20. Kf1 Rfd8 21. Bg5 Rd7 22. Rd2 h6 23. Be3 d4 24. Rd3 Rc8 25. Bd2 Rc2 26.
Rb1 Re7 27. a4 f5 28. b3 Rec7 29. Be1 Kf7 30. Rd2 Rc1 31. Rxc1 Rxc1 32. Ke2 Rb1
33. Rd3 Ke6 34. h4 Kd5 35. Bd2 Ke4 36. Rg3 f4 37. Rd3 Be5 38. f3+ Kd5 39. Be1
Bd6 40. Bd2 g5 41. hxg5 hxg5 42. Be1 g4 43. fxg4 Ke4 44. g5 Ke5 {0-1 (44)
Topalov,V (2780)-Carlsen,M (2733) Morelia/Linares 2008 CBM 123 [Rogozenco]}) 7.
O-O Bg7 8. Re1 O-O 9. a3 (9. c3 Nd7 10. Nxd7 Qxd7 11. Bg5 h6 12. Bh4 e5 13.
dxe5 Nf4 14. Bf1 Qxd1 15. Rxd1 {1/2-1/2 (15) Lupulescu,C (2562)-Baburin,A 
(2545) Kemer 2007}) 9... Nd7 10. Nf3 (10. Nxd7 Bxd7 $11) 10... b5 {Schwarz
zementiert seine schönen Zentralspringer.} 11. Nbd2 Qc7 12. c4 bxc4 13. Bxc4
N7b6 14. Ba2 c5 (14... Rd8 $5) (14... Rb8 $5) 15. dxc5 Qxc5 16. Ne4 Qc6 17. Bg5
$1 Bxb2 18. Rb1 Bg7 (18... Bxa3 $2 19. Ne5 Qb7 20. Rxb6 Nxb6 (20... Qxb6 21.
Bxd5 $18) 21. Nxf7 Rxf7 22. Qd8+ Kg7 23. Qd4+ Kg8 24. Bxf7+ Kxf7 25. Qh8 {
mit der Idee} Bf5 26. Qxh7+ Ke6 27. Nc5+ $18) 19. Rc1 Qd7 (19... Qb7 20. Nc5
$18) 20. Nc5 Qd8 21. Bxe7 (21. Ne5 $5) 21... Nxe7 22. Qxd8 Rxd8 23. Rxe7 Rf8 ({
In Betracht kam} 23... Nd5 $5 24. Rd1 Bf6 25. Ree1 Nc7 {mit nur geringem
weißen Vorteil.}) 24. Ng5 Bf6 25. Rxf7 Rxf7 (25... Bxg5 26. Rf5+ Kg7 27. Rxg5
$16) 26. Nxf7 (26. Nce4 $5 Kf8 27. Nxf7 Be7 28. Rc7 $16) 26... Bb2 27. Ng5+ Kg7
28. Nce6+ Bxe6 29. Nxe6+ Kh8 ({Etwas besser war} 29... Kf6 30. Rc6 Rc8) 30. Rc7
Rc8 (30... Bxa3 $2 {führt ins Matt:} 31. Ng5) 31. Rxc8+ Nxc8 32. a4 {Mit
einem Mehrbauern im Leichtfigurenendspiel beginnt nun die technische Phase,
wobei die Remisbreite groß ist.} a5 33. Kf1 Nd6 34. Ke2 Ne4 35. Bb3 {Hat die
Gabel auf c3 gesehen.} Ba3 36. Bc2 Nc5 37. Nd4 Bb2 38. Nc6 Bc3 39. f4 Kg7 40.
Ne7 Kf7 41. Nd5 Bd4 42. Ne3 Bc3 ({Nach} 42... Bxe3 43. Kxe3 Ke6 44. Kd4 Kd6 45.
Kc4 Kc6 46. g4 $18 {ist der Läufer die bessere Figur.}) 43. g4 Kg7 44. Kf3 Bd2
45. Nc4 Bc3 46. g5 h6 47. gxh6+ Kxh6 48. Ne5 {Die Idee, Bauer g6 gegen Bauer
a4 zu tauschen reicht objektiv offenbar nicht zum Gewinn.} Kg7 (48... Bxe5 49.
fxe5 Kg7 50. Ke3 Ne6 (50... Kf7 51. Kd4 Ne6+ 52. Kc4 $18) 51. h4 Nd8 (51... Kf7
$2 52. Bb3 $18) 52. Bb3 Nc6 53. Ke4 $18) 49. h4 Kf6 50. Nxg6 Nxa4 51. h5 Nc5
52. h6 a4 53. h7 Kf7 54. f5 a3 55. Bb1 Bg7 56. Kg4 Na4 $6 (56... Kf6 {hält
remis:} 57. Nf4 Bh8 58. Nh5+ Ke5 (58... Kf7 59. Ba2+ Ke8 60. f6 Nd7 61. f7+ Kf8
62. Kf5 Ne5 63. Nf6 Nxf7 64. Kg6 Ne5+ $11)) 57. Ba2+ Kf6 58. Nf4 Bh8 59. Nh5+
Ke7 $2 {Das verliert:} (59... Ke5 60. f6 Nc5 61. f7 Nd7 62. Kg5 Nf8 63. Kh6 Kd6
64. Nf4 Ke7 65. Ng6+ Nxg6 66. Kxg6 Kf8 {reicht auch noch zum Remis, Thema:
ungleiche Läufer.}) 60. f6+ Kf8 61. Kf5 Nc3 (61... Nc5 62. Nf4 Nd7 63. Ng6+
$18) 62. Nf4 1-0

[Event "Riga zt"]
[Site "Riga"]
[Date "1995.??.??"]
[Round "12"]
[White "Sulskis, Sarunas"]
[Black "Kengis, Edvins"]
[Result "1-0"]
[WhiteElo "2470"]
[BlackElo "2575"]
[Annotator "Chekhov,V"]
[PlyCount "65"]
[EventDate "1995.03.??"]
[EventType "tourn"]
[EventRounds "13"]
[EventCountry "LAT"]
[EventCategory "10"]
[SourceTitle "CBM 047"]
[Source "ChessBase"]
[SourceDate "1995.08.01"]
[SourceVersion "1"]
[SourceVersionDate "1995.08.01"]
[SourceQuality "1"]

1. e4 Nf6 2. e5 Nd5 3. d4 d6 4. Nf3 c6 5. Be2 (5. c4 $5 Nc7 6. h3 dxe5 7. Nxe5
Nd7 8. Nf3 g6 9. Nc3 Bg7 10. Be2 O-O 11. Bf4 Ne6 12. Be3 Qc7 13. Qc1 $14 {
Anand,V-Suba,M/Palma de Mallorca/1989/1:0/49/}) 5... dxe5 (5... g6 6. c4 Nc7 7.
exd6 $1 Qxd6 8. Nc3 Bg7 9. Be3 Nba6 10. Qd2 Bg4 11. O-O O-O 12. Rad1 Rad8 13.
Qc1 $14 {Dolmatov,S-Petrosian,A/URS/1981/}) 6. Nxe5 (6. dxe5 Bf5 (6... Bg4 $5)
7. O-O e6 8. c4 Ne7 9. Qxd8+ Kxd8 10. Rd1+ Ke8 11. Nd4 Nd7 12. f4 g5 $1 $132 {
Zapata,A-Miles,A/Matamoros/0,5/48/}) 6... g6 (6... Nd7 7. c4 Nc7 8. Nf3 g6 9.
O-O Bg7 10. Nc3 O-O 11. Re1 c5 12. d5 b5 $1 $10 {De Firmian,N-Miles,A/Chicago/
0:1/28/}) 7. O-O Bg7 8. Nd2 (8. c4 Nc7 9. Be3 O-O 10. Nc3) 8... O-O 9. Ndf3 Bf5
$6 (9... Nd7 $1) 10. c4 Nb6 11. Qb3 N8d7 12. Bf4 (12. c5 Nxe5 13. dxe5 Nd7 14.
Qxb7 Nxe5 15. Nxe5 Bxe5 16. Qxc6 Rc8 $13) 12... c5 13. Qe3 $1 (13. Nxd7 Nxd7
14. Qxb7 cxd4) 13... Qc8 (13... cxd4 14. Nxd4 Nxe5 15. Bxe5 Bxe5 16. Qxe5 Bd7
17. Rad1 $14) 14. Rad1 a5 $6 (14... cxd4 15. Nxd4 Nxe5 16. Bxe5 Bxe5 17. Qxe5
f6 18. Qe3 e5 19. Nxf5 Qxf5 20. c5) 15. Rd2 f6 $6 (15... Re8 $5) 16. Nxd7 Nxd7
17. Nh4 $1 (17. Qxe7 Re8 18. Qd6 g5 19. Bg3 Bh6 {/\g4/}) 17... cxd4 (17... e5
18. dxe5 fxe5 19. Bh6 $16) 18. Qxe7 Nc5 (18... Re8 19. Nxf5 $1 gxf5 20. Qd6 $18
) 19. Bc7 Ne6 (19... Ne4 20. Nxf5 gxf5 (20... Qxf5 21. Bd3 (21. g4 $1 Qc8 22.
Rxd4 Re8 23. Qd7 $16) 21... Rae8 22. Bxe4 Qxe4 23. Qxe4 Rxe4 24. Bb6 f5)) 20.
Nxf5 gxf5 21. Bb6 Bh6 $6 (21... Re8 $5) 22. Rd3 Rf7 (22... Nf4 23. Rg3+ Kh8 24.
Bxd4) 23. Qd6 Nf4 (23... Qd7 $5) 24. Rg3+ Kh8 25. Bd3 Qd7 26. Qxd7 Rxd7 27. Re1
Nxd3 28. Rxd3 Rc8 29. b3 Kg8 (29... Rd6 $5 30. Bxa5 (30. Bxd4 Kg8 31. c5 Rd5)
30... Ra6) 30. Rxd4 $18 Rxd4 31. Bxd4 Kf7 32. Kf1 a4 33. Be3 (33. Ke2 $5 $18 {
T/}) 1-0